000 01909nea a2200421 i 4500
001 196841
003 SpMaBN
005 20250109063103.0
007 aj*aanzn
008 000424s1799 fr g 0 fre
016 7 _abicaBNE20050043434
_zAMER89003732
_2SpMaBN
034 0 _aa
035 _a(SpMaBN)bica0000044085
035 _a(OCoLC)431578693
040 _aSpMaBN
_bspa
_cSpMaBN
_erdc
080 _a(7)
_22015
245 0 0 _aVues de diverses parties de la côte Nord-Ouest d'Amérique
_h[Material cartográfico]
255 _aEscala indeterminada
260 _a[A Paris] :
_b[De L'Imprimerie de la République],
_c[1799]
300 _a7 perfiles en 1 h. ;
_c65 x 92 cm
336 _aImagen (cartográfica ; fija ; bidimensional ; visual)
_2rdacontent
337 _asin mediación
_2rdamedia
338 _2rdacarrier
_avolumen
500 _aMeridiano de origen: Greenwich
500 _aRepresentación de perfiles verticales del terreno
505 0 _a"Pointe de los Reyes" ; "Baie de S. Francis Drake" ; "Entrée du Port St. Francisco" ; "Pointe Pinos" ; "Riviére Carmelo" ; "Santa Bárbara" ; "Entrée du Port Sn. Diego" ; "Pointe de Loma" ; "Deux Montagnes remarquables dans le Sud de Sn. Diego" ; "Cap Colnett"
596 _aDatos y año de edición tomados del atlas en el que se encuentra el mapa
599 _aGrabado por Michel
611 2 0 _a Vancouver, Expedición de,
_d1791-1795
_9239420
651 0 _aAmérica del Norte
_vMapas
_2embne
_9239286
655 0 _9239293
_aMapas topográficos-
_yS. XVIII
700 1 _aVancouver, George
_d1757-1798
_9113045
710 2 _aImprimerie de la République (Francia)
_9239285
852 _aES-MaACL
_cDEPO2
_dOlim: 6988
_dOlim: 155-A-2
_jGF-116(12)
_9204493
_xEncuadernado con otros mapas formando un volumen facticio.
942 _2udc
_n0
_cCARTOGRAFI
999 _c196841
_d196841